| 000 | 00618cam a22001337a 4500 | ||
|---|---|---|---|
| 008 | 180718b1955 xxu||||| |||| 00| 0 eng d | ||
| 082 | _aT19x595 In8 | ||
| 245 | _aThe Economic development of Malaya | ||
| 260 |
_aBaltimore _bJohns Hopkins _c1955 |
||
| 300 | _axix, 707p. maps | ||
| 500 | _aBibl. footnotes. Statistical app. p.654-92. Index p.693-707.Report olf a mission organized by the International Bank for Reconstruction and Development at the request of the governments of the Federation of Malaya, the Crown colony of Singapore and the United Kingdom | ||
| 650 | _aEconomic Development - Malaya | ||
| 700 | _aIBRD | ||
| 999 |
_c336075 _d336075 |
||